Countries with a Population of over 50 Million - Statistics

General Stats
  • This quiz has been taken 37 times
  • The average score is 9 of 15
Answers on the Grid
Answers color-coded by a green-red scale on the quiz's grid according to % correct below.
Sudan
Spain
Australia
China
United States of America
Algeria
Tanzania
Guinea
Russia
Haiti
Brazil
Chad
India
Indonesia
Vanuatu
New Zealand
Pakistan
Nigeria
Yemen
Sri Lanka
Niger
Bangladesh
Taiwan
Argentina
Uganda
Gabon
Mexico
Philippines
Ethiopia
Ghana
Colombia
Namibia
 
Answer Stats
Answer % Correct
United States of America
89%
Brazil
78%
Pakistan
78%
Russia
78%
Indonesia
67%
Mexico
67%
Bangladesh
56%
China
56%
Ethiopia
56%
India
56%
Philippines
56%
Tanzania
56%
Nigeria
44%
Colombia
33%
Sudan
22%
No matching quizzes found
Score Distribution
Percent of People with Each Score
Percentile by Number Answered
Your Score History
You have not taken this quiz